000 00664cam a22002413a 4500
001 14394
003 PGUSA
005 20140828083316.0
008 041220s2004||||xxu|||||s|||||000 1 eng d
040 _aPGUSA
_beng
042 _adc
050 4 _aPS
100 1 _aKing, Basil,
_d1859-1928
245 1 4 _aThe Street Called Straight
_h[electronic resource] /
_cBasil King
260 _bProject Gutenberg,
_c2004
506 _aPublic domain in the USA.
516 _aElectronic text
653 _aCanadian fiction
700 1 _aLowell, Orson,
_d1871-1956
830 0 _aProject Gutenberg
_v14394
856 4 0 _uhttp://www.gutenberg.org/ebooks/14394
942 _cEB
999 _c243649
_d243649